[Event "TCh-CHN 2012"]
[Site "Hangzhou CHN"]
[Date "2012.09.24"]
[Round "13"]
[White "Zhou, Jianchao"]
[Black "Yu, Ruiyuan"]
[Result "0-1"]
[WhiteTitle "GM"]
[WhiteElo "2625"]
[BlackElo "2511"]
[WhiteTeam "Shanghai Jianqiao Academy Team"]
[BlackTeam "Jiangsu Taizhou Team"]
[WhiteFideId "8603537"]
[BlackFideId "8603090"]
[EventDate "2012.04.28"]

1. c4 c6 2. Nf3 d5 3. e3 Nf6 4. Nc3 g6 5. d4 Bg7 6. Be2 O-O 7. O-O b6 8. b4 dxc4
9. Bxc4 b5 10. Bb3 a5 11. bxa5 Qxa5 12. Bd2 b4 13. Na4 Ne4 14. Rc1 Nd7 15. Qc2
Nxd2 16. Nxd2 Ba6 17. Rfd1 Be2 18. Re1 Ba6 19. Nc5 Nxc5 20. Qxc5 Qxc5 21. Rxc5
Bb5 22. Nf3 e6 23. Ne5 Bxe5 24. Rxe5 Ba4 25. Bc4 Rfb8 26. h4 Bb5 27. Bxb5 Rxb5
28. Rxb5 cxb5 29. Rb1 Rxa2 30. Rxb4 Ra5 31. Kh2 Kf8 32. Kg3 Ke7 33. Kf4 f6 34.
g4 Kd6 35. g5 e5+ 36. Kg3 f5 37. dxe5+ Kxe5 38. f3 Kd5 39. e4+ Kc5 40. Rb1 fxe4
41. fxe4 b4 42. Kf4 Ra7 43. e5 Rb7 44. Ke4 b3 45. Rc1+ Kb4 46. e6 b2 47. Rb1 Kc3
48. Ke5 Kc2 49. Rxb2+ Rxb2 50. e7 Kd1 0-1

[Event "TCh-CHN 2012"]
[Site "Hangzhou CHN"]
[Date "2012.09.24"]
[Round "13"]
[White "Ni, Hua"]
[Black "Zhou, Weiqi"]
[Result "1-0"]
[WhiteTitle "GM"]
[BlackTitle "GM"]
[WhiteElo "2637"]
[BlackElo "2628"]
[WhiteTeam "Shanghai Jianqiao Academy Team"]
[BlackTeam "Jiangsu Taizhou Team"]
[WhiteFideId "8601160"]
[BlackFideId "8601674"]
[EventDate "2012.04.28"]

1. e4 Nf6 2. e5 Nd5 3. d4 d6 4. Nf3 g6 5. Bc4 c6 6. O-O Bg7 7. exd6 Qxd6 8. Nbd2
O-O 9. Bb3 Bg4 10. h3 Bxf3 11. Nxf3 b5 12. Qe2 e6 13. a4 a6 14. axb5 cxb5 15. c3
Nc6 16. Ng5 b4 17. Ne4 Qc7 18. Bd2 a5 19. Qf3 Rfd8 20. Rfe1 Qb6 21. Ng5 Rd7 22.
Bc4 Rc8 23. Qe2 Nce7 24. Ne4 Rdc7 25. Nc5 bxc3 26. bxc3 Rxc5 27. dxc5 Qxc5 28.
Bxd5 Nxd5 29. Qa6 Bxc3 30. Bxc3 Qxc3 31. Qxa5 Qxa5 32. Rxa5 h5 33. Ra7 Rc7 34.
Rxc7 Nxc7 35. Kh2 Kg7 36. Kg3 Nd5 37. Kf3 g5 38. g3 Kf6 39. Ke4 Ne7 40. Ra1 Nf5
41. Ra6 Ne7 42. Ra8 Nf5 43. Rd8 Kg7 44. Ke5 h4 45. Rd3 Kg6 46. g4 Nh6 47. Rd8
Kg7 48. f3 1-0

[Event "TCh-CHN 2012"]
[Site "Hangzhou CHN"]
[Date "2012.09.24"]
[Round "13"]
[White "Lou, Yiping"]
[Black "Wei, Yi"]
[Result "1-0"]
[WhiteTitle "IM"]
[BlackTitle "FM"]
[WhiteElo "2419"]
[BlackElo "2371"]
[WhiteTeam "Shanghai Jianqiao Academy Team"]
[BlackTeam "Jiangsu Taizhou Team"]
[WhiteFideId "8603928"]
[BlackFideId "8603405"]
[EventDate "2012.04.28"]

1. d4 d5 2. c4 e6 3. Nc3 c5 4. cxd5 exd5 5. Nf3 Nc6 6. e3 Nf6 7. Bb5 Bd6 8. O-O
O-O 9. dxc5 Bxc5 10. b3 Bg4 11. Bb2 Rc8 12. Rc1 Bd6 13. Be2 Re8 14. h3 Bxf3 15.
Bxf3 Be5 16. Ba1 d4 17. exd4 Bxd4 18. Nb5 Bxa1 19. Rxa1 Re7 20. Qxd8+ Rxd8 21.
Rfd1 Rxd1+ 22. Rxd1 Kf8 23. Rc1 Ne4 24. Bxe4 Rxe4 25. Nd6 Re2 26. Nxb7 Nd4 27.
Rd1 Ne6 28. a4 Rb2 29. Rd3 Nf4 30. Re3 Ne2+ 31. Kh2 Nd4 32. Nc5 g6 33. Rd3 Nc6
34. Kg3 Rc2 35. Ne4 Rb2 36. f3 h6 37. Rd6 Ne7 38. Rd7 g5 39. Rxa7 f5 40. Nd6
Rxb3 41. a5 Rd3 42. Nc4 Rc3 43. Ne5 Re3 44. Nd7+ Ke8 45. a6 Re6 46. Nc5 Rc6 47.
Rxe7+ Kxe7 48. a7 Rc8 49. Na4 f4+ 50. Kh2 Kd6 51. Nb6 Rd8 52. a8=Q Rxa8 53. Nxa8
Kc6 54. h4 1-0

[Event "TCh-CHN 2012"]
[Site "Hangzhou CHN"]
[Date "2012.09.24"]
[Round "13"]
[White "Guo, Qi"]
[Black "Ni, Shiqun"]
[Result "1-0"]
[WhiteTitle "WGM"]
[WhiteElo "2351"]
[BlackElo "2157"]
[WhiteTeam "Jiangsu Taizhou Team"]
[BlackTeam "Shanghai Jianqiao Academy Team"]
[WhiteFideId "8604002"]
[BlackFideId "8608466"]
[EventDate "2012.04.28"]

1. d4 Nf6 2. c4 e6 3. Nc3 c5 4. d5 d6 5. e4 g6 6. h3 Bg7 7. Nf3 O-O 8. Bd3 exd5
9. exd5 Re8+ 10. Be3 Bh6 11. O-O Bxe3 12. fxe3 Qe7 13. e4 Nbd7 14. Qd2 Rf8 15.
Qf4 Ne8 16. a3 a6 17. b4 f6 18. Bc2 b6 19. Ba4 Rb8 20. Rab1 Bb7 21. Bxd7 Qxd7
22. bxc5 bxc5 23. e5 dxe5 24. Nxe5 Qc7 25. Nd7 Qxd7 26. Qxb8 Nd6 27. Qa7 f5 28.
Rb6 Rf7 29. Qb8+ 1-0

[Event "TCh-CHN 2012"]
[Site "Hangzhou CHN"]
[Date "2012.09.24"]
[Round "13"]
[White "Shen, Yang"]
[Black "Zhang, Xiaowen"]
[Result "0-1"]
[WhiteTitle "WGM"]
[BlackTitle "WGM"]
[WhiteElo "2440"]
[BlackElo "2354"]
[WhiteTeam "Jiangsu Taizhou Team"]
[BlackTeam "Shanghai Jianqiao Academy Team"]
[WhiteFideId "8603162"]
[BlackFideId "8603219"]
[EventDate "2012.04.28"]

1. d4 Nf6 2. c4 g6 3. Nc3 Bg7 4. e4 d6 5. Nf3 O-O 6. Be2 e5 7. O-O Nc6 8. d5 Ne7
9. b4 a5 10. Ba3 Nh5 11. c5 axb4 12. Bxb4 Nf4 13. cxd6 cxd6 14. Nd2 f5 15. Re1
fxe4 16. Ndxe4 Nf5 17. Bf1 Rf7 18. Nb5 Bf8 19. g3 Nh5 20. a4 h6 21. g4 Nh4 22.
Ra3 Nf6 23. Nbxd6 Bxg4 24. Nxf7 Kxf7 25. Qd2 Rxa4 26. Rxa4 Nf3+ 27. Kg2 Nxd2 28.
Bxd2 Bh3+ 29. Kg1 Bxf1 30. Nxf6 Bh3 31. Ng4 Qxd5 32. Nxe5+ Kg8 0-1

[Event "TCh-CHN 2012"]
[Site "Hangzhou CHN"]
[Date "2012.09.24"]
[Round "13"]
[White "Liu, Guanchu"]
[Black "Wen, Yang"]
[Result "0-1"]
[BlackTitle "GM"]
[WhiteElo "2260"]
[BlackElo "2549"]
[WhiteTeam "Chengdu Bank Team"]
[BlackTeam "Shandong Gree Team"]
[WhiteFideId "8603901"]
[BlackFideId "8602956"]
[EventDate "2012.04.28"]

1. e4 c5 2. Nf3 d6 3. d4 cxd4 4. Nxd4 Nf6 5. Nc3 a6 6. Be3 Ng4 7. Bc1 Nf6 8. Be3
Ng4 9. Bc1 Nf6 10. Be3 e6 11. g4 h6 12. Qf3 Nbd7 13. Rg1 g5 14. h4 Rg8 15. hxg5
hxg5 16. O-O-O Qc7 17. Bd3 b5 18. Nd5 exd5 19. exd5 Be7 20. Nc6 Bb7 21. Nxe7
Kxe7 22. Bd4 Bxd5 23. Rge1+ Be6 24. Bf5 Rac8 25. Re2 Qc6 26. Qd3 Qc4 27. Bxf6+
Kxf6 28. Qxc4 bxc4 29. Rxd6 Ne5 30. Rxa6 Ra8 31. Rxa8 Rxa8 32. Bxe6 fxe6 33. Re4
Rxa2 34. f4 gxf4 35. Rxf4+ Ke7 0-1

[Event "TCh-CHN 2012"]
[Site "Hangzhou CHN"]
[Date "2012.09.24"]
[Round "13"]
[White "Chen, Fan"]
[Black "Zhao, Jun"]
[Result "0-1"]
[WhiteTitle "FM"]
[BlackTitle "GM"]
[WhiteElo "2375"]
[BlackElo "2583"]
[WhiteTeam "Chengdu Bank Team"]
[BlackTeam "Shandong Gree Team"]
[WhiteFideId "8600767"]
[BlackFideId "8602522"]
[EventDate "2012.04.28"]

1. e4 c5 2. Nf3 Nc6 3. Bb5 Nf6 4. Nc3 Qc7 5. O-O Nd4 6. Nxd4 cxd4 7. Nd5 Nxd5 8.
exd5 Qc5 9. c4 a6 10. Ba4 b5 11. cxb5 Qxd5 12. Bb3 Qf5 13. g4 Qd3 14. Bd5 Rb8
15. bxa6 Bxa6 16. Re1 e6 17. Be4 Qb5 18. d3 d5 19. a4 Qd7 20. Bg2 Bd6 21. b3 O-O
22. Bb2 Rb4 23. Ba3 Rb7 24. Bb2 Rfb8 25. Bxd4 Rxb3 26. Bf1 R3b4 27. Bc3 Rb3 28.
Bd4 R3b4 29. Bc3 R4b7 30. Bd4 h6 31. a5 Rb4 32. Bb6 Qe7 33. h3 h5 34. d4 Bxf1
35. Kxf1 hxg4 36. Qxg4 Qd7 37. Rac1 Ra4 38. Re3 Rc8 39. Rxc8+ Qxc8 40. Kg2 Ra1
41. Qg5 Bf8 42. Re2 Qc4 43. Qe3 Ra3 44. Qe5 Ra1 45. Re1 Ra2 46. Qg3 Qc2 47. Qe3
Ra3 48. Qe2 Qc3 49. Qe3 Qc2 50. Qg5 Ra2 51. Qh4 Qd2 52. Rf1 Bb4 53. Qd8+ Kh7 54.
Qc7 Qg5+ 55. Kh2 Qf5 56. Qg3 g5 57. Bd8 Bd2 58. Kg1 Bxa5 59. Bxg5 Bc7 60. Qh4+
Kg8 61. Bf6 Qh7 62. Qg4+ Qg6 63. Rc1 Qxg4+ 64. hxg4 Ra7 65. Kg2 Kh7 66. Bh4 Bb6
67. Bf6 Kg6 68. g5 Bc7 69. Kf3 Kf5 70. Rg1 Ra3+ 71. Ke2 Bf4 72. Be7 Ra7 73. Bf6
Ra2+ 74. Kf3 Ra3+ 75. Ke2 Rb3 76. f3 Rb2+ 77. Kd3 Rf2 78. Rh1 Rxf3+ 79. Ke2 Re3+
80. Kf2 Rd3 81. Rh7 Bxg5 0-1

[Event "TCh-CHN 2012"]
[Site "Hangzhou CHN"]
[Date "2012.09.24"]
[Round "13"]
[White "Bologan, Viktor"]
[Black "Bu, Xiangzhi"]
[Result "1/2-1/2"]
[WhiteTitle "GM"]
[BlackTitle "GM"]
[WhiteElo "2687"]
[BlackElo "2668"]
[WhiteTeam "Chengdu Bank Team"]
[BlackTeam "Shandong Gree Team"]
[WhiteFideId "13900048"]
[BlackFideId "8601445"]
[EventDate "2012.04.28"]

1. e4 g6 2. d4 Bg7 3. Nf3 d6 4. c3 Nf6 5. Bd3 O-O 6. O-O c6 7. Re1 Nbd7 8. a4 e5
9. a5 Qc7 10. h3 d5 11. exd5 Nxd5 12. Bc4 exd4 13. Bxd5 cxd5 14. Nxd4 Nc5 15.
Na3 Bd7 16. Be3 Rfe8 17. Nf3 b6 18. axb6 axb6 19. Bd4 Rxe1+ 20. Qxe1 Re8 21. Qd1
Bxd4 22. Nxd4 Qf4 23. Qf1 Qg5 24. Qc1 Qxc1+ 25. Rxc1 Nd3 26. Rb1 Ra8 27. Nac2
Ra2 28. Ne3 Be6 29. Nd1 Kg7 30. h4 Bg4 31. f3 Bd7 32. Kf1 Kf6 33. g3 Bf5 34. g4
Be6 35. Ke2 Nc5 36. Ke3 h5 37. g5+ Ke5 38. Rc1 Bd7 39. b3 Kd6 40. c4 dxc4 41.
Nc3 Ra8 42. bxc4 Ra3 43. Kd2 Ke5 44. Nc2 Rb3 45. Re1+ Kd6 46. Nd4 Rb4 47. Ncb5+
Bxb5 48. Nxb5+ Kd7 49. Kc3 Rb3+ 50. Kd4 Rxf3 51. Rd1 Kc6 52. Na7+ Kb7 53. Nb5
Kc6 54. Na7+ Kd7 55. Ke5+ Kc7 56. Nb5+ Kb7 57. Ra1 f6+ 58. Kd6 Rd3+ 59. Ke7 fxg5
60. hxg5 h4 61. Kf6 Kc6 62. Kxg6 h3 63. Ra2 Ne4 64. Kf5 Nd2 65. g6 h2 66. Ra7
Nxc4 67. Rh7 Kxb5 68. Rxh2 Nd6+ 69. Ke6 Rg3 70. Rb2+ Kc4 71. Rxb6 Rxg6+ 72. Kd7
Kd5 73. Rb1 Rg7+ 74. Kd8 Nc4 75. Rd1+ Ke6 76. Re1+ Ne5 77. Kc8 Rg3 78. Kb7 Rb3+
79. Ka6 Kd5 80. Rh1 Nc4 81. Rh5+ Kc6 82. Rh6+ Nd6 83. Ka5 Rb1 84. Ka4 Rb2 85.
Ka3 Rf2 86. Kb4 Rf3 87. Rh5 Nf5 88. Rh8 Kd5 89. Rd8+ Nd6 90. Rh8 Rf4+ 91. Kb3
Kc5 92. Rh3 Rf1 93. Rh5+ Kd4 94. Rh8 Rb1+ 95. Kc2 Rb7 96. Rd8 Rb6 97. Rd7 Ra6
98. Rd8 Ke3 99. Rh8 Rc6+ 100. Kb3 Nf5 101. Kb4 Kd4 102. Kb5 1/2-1/2

[Event "TCh-CHN 2012"]
[Site "Hangzhou CHN"]
[Date "2012.09.24"]
[Round "13"]
[White "Krush, Irina"]
[Black "Nie, Xin"]
[Result "1-0"]
[WhiteTitle "IM"]
[WhiteElo "2461"]
[BlackElo "2053"]
[WhiteTeam "Shandong Gree Team"]
[BlackTeam "Chengdu Bank Team"]
[WhiteFideId "2012782"]
[BlackFideId "8605610"]
[EventDate "2012.04.28"]

1. c4 c5 2. g3 g6 3. Bg2 Bg7 4. Nc3 Nc6 5. d3 d6 6. e4 e6 7. Nge2 Nge7 8. Bf4 a6
9. Qd2 Nd4 10. Nxd4 cxd4 11. Ne2 h6 12. Qc1 Nc6 13. O-O a5 14. Bd2 Ne5 15. Nxd4
Nxd3 16. Qc3 Ne5 17. Nb5 O-O 18. Rad1 Ra6 19. b3 Qe7 20. Bc1 f5 21. exf5 Rxf5
22. Qe3 Bd7 23. f4 Nc6 24. Nxd6 Bd4 25. Rxd4 Nxd4 26. Nxf5 Nxf5 27. Qe5 Bc6 28.
Rd1 Bxg2 29. Kxg2 Ra8 30. Bb2 Kh7 31. g4 Ng7 32. Rd6 Rf8 33. Qxg7+ Qxg7 34. Bxg7
Kxg7 35. Rd7+ Kf6 36. Kf3 Rb8 37. Ke4 g5 38. Rc7 gxf4 39. Kxf4 b6 40. Rh7 Kg6
41. Rd7 Rf8+ 42. Ke3 Kg5 43. Rg7+ Kh4 44. Rg6 Rf1 45. Kd4 Re1 46. Kd3 Rd1+ 47.
Ke2 Rh1 48. Rxh6+ Kxg4 49. Rxe6 Rxh2+ 50. Kd3 Rxa2 51. Rxb6 a4 52. b4 Kf5 53.
Kd4 Ra1 54. Ra6 a3 55. Kc5 a2 56. b5 Ke4 57. Ra3 Ke5 58. Re3+ Kf4 59. Re2 Kf3
60. Rh2 Ke3 61. Kb6 Kd3 62. c5 Kc4 63. c6 Rb1 64. Rc2+ Kb3 65. Rxa2 Kxa2 66. c7 1-0

[Event "TCh-CHN 2012"]
[Site "Hangzhou CHN"]
[Date "2012.09.24"]
[Round "13"]
[White "Zhang, Jilin"]
[Black "Gunina, Valentina"]
[Result "0-1"]
[WhiteTitle "WGM"]
[BlackTitle "IM"]
[WhiteElo "2257"]
[BlackElo "2511"]
[WhiteTeam "Shandong Gree Team"]
[BlackTeam "Chengdu Bank Team"]
[WhiteFideId "8602867"]
[BlackFideId "4167570"]
[EventDate "2012.04.28"]

1. Nf3 d5 2. g3 Nf6 3. Bg2 Bf5 4. O-O c6 5. d3 Nbd7 6. Nbd2 e5 7. b3 Bd6 8. e4
Bg6 9. Bb2 O-O 10. Nh4 Bh5 11. Qe1 Re8 12. h3 a5 13. a3 Bc5 14. exd5 cxd5 15. c4
Bd4 16. Qb1 Be2 17. Re1 Bxd3 18. Qxd3 Bxb2 19. Ra2 Nc5 20. Qc2 Bd4 21. cxd5 Rc8
22. Ndf3 Nce4 23. Qd3 Bxf2+ 0-1

[Event "TCh-CHN 2012"]
[Site "Hangzhou CHN"]
[Date "2012.09.24"]
[Round "13"]
[White "Yu, Yangyi"]
[Black "Le, Quang Liem"]
[Result "1-0"]
[WhiteTitle "GM"]
[BlackTitle "GM"]
[WhiteElo "2615"]
[BlackElo "2698"]
[WhiteTeam "Beijing AIGO Team"]
[BlackTeam "Qingdao School Team"]
[WhiteFideId "8603820"]
[BlackFideId "12401137"]
[EventDate "2012.04.28"]

1. e4 c5 2. Nf3 d6 3. d4 cxd4 4. Nxd4 Nf6 5. Nc3 a6 6. Be3 e6 7. Be2 Qc7 8. Qd2
b5 9. a3 Bb7 10. f3 Be7 11. O-O-O O-O 12. g4 Nc6 13. g5 Nd7 14. h4 Nde5 15. Nxc6
Qxc6 16. h5 Rfc8 17. Kb1 Qe8 18. Rdg1 Bf8 19. g6 fxg6 20. hxg6 Nxg6 21. Bd3 Ne5
22. Qh2 h5 23. Be2 Nd7 24. Bd4 e5 25. f4 Qe6 26. Bxh5 exd4 27. Bg6 Qxg6 28. Rxg6
dxc3 29. Qh7+ Kf7 30. Rhg1 Ke8 31. Rxg7 Bc6 32. Rg8 Kd8 33. Rxf8+ 1-0

[Event "TCh-CHN 2012"]
[Site "Hangzhou CHN"]
[Date "2012.09.24"]
[Round "13"]
[White "Li, Chao b"]
[Black "Ma, Zhonghan"]
[Result "1-0"]
[WhiteTitle "GM"]
[WhiteElo "2703"]
[BlackElo "2369"]
[WhiteTeam "Beijing AIGO Team"]
[BlackTeam "Qingdao School Team"]
[WhiteFideId "8604436"]
[BlackFideId "8607206"]
[EventDate "2012.04.28"]

1. e4 e5 2. Nf3 Nc6 3. Bc4 Bc5 4. b4 Bxb4 5. c3 Be7 6. d4 Na5 7. Be2 exd4 8.
Qxd4 d5 9. Qxg7 Bf6 10. Qg3 dxe4 11. Nd4 Ne7 12. Nb5 Nd5 13. c4 Bd7 14. cxd5
Bxb5 15. Bxb5+ c6 16. Nc3 cxb5 17. O-O Nc4 18. Re1 e3 19. Bxe3 Nxe3 20. Qxe3+
Kf8 21. Rad1 Qb6 22. Qf3 Rg8 23. d6 Bxc3 24. Re7 Rg7 25. Rxb7 Qd8 26. Qxc3 Qg5
27. Qf3 Rd8 28. Rxa7 f6 29. d7 Qe5 30. Ra8 Qc7 1-0

[Event "TCh-CHN 2012"]
[Site "Hangzhou CHN"]
[Date "2012.09.24"]
[Round "13"]
[White "Gong, Qianyun"]
[Black "Wang, Yu A."]
[Result "1/2-1/2"]
[WhiteTitle "WIM"]
[BlackTitle "IM"]
[WhiteElo "2302"]
[BlackElo "2372"]
[WhiteTeam "Qingdao School Team"]
[BlackTeam "Beijing AIGO Team"]
[WhiteFideId "8602425"]
[BlackFideId "8601097"]
[EventDate "2012.04.28"]

1. d4 c5 2. e4 cxd4 3. Nf3 e6 4. Nxd4 Nf6 5. Nc3 Nc6 6. Nxc6 bxc6 7. e5 Nd5 8.
Ne4 Qc7 9. f4 Qb6 10. Qe2 a5 11. c3 Ba6 12. Qf3 Be7 13. Bxa6 Rxa6 14. c4 f5 15.
exf6 Nxf6 16. Nxf6+ Bxf6 17. Qd3 O-O 18. Rb1 Bd4 19. Rf1 c5 20. b3 a4 21. Bd2
axb3 22. axb3 d5 23. Rf3 Ra2 24. Kf1 Rfa8 25. g4 dxc4 26. bxc4 Qc6 27. Rb3 Ra1+
28. Kg2 Rf8 29. Be3 Bxe3 30. Qxe3 Rd1 31. Qe5 Rd4 32. Rb8 Rd3 33. Rxf8+ Kxf8 34.
Qe2 Rd4 35. Qe5 Rd3 36. Qe2 Rd4 37. Qe5 1/2-1/2

[Event "TCh-CHN 2012"]
[Site "Hangzhou CHN"]
[Date "2012.09.24"]
[Round "13"]
[White "Pham, Le Thao Nguyen"]
[Black "Wang, Jue"]
[Result "1/2-1/2"]
[WhiteTitle "WGM"]
[WhiteElo "2351"]
[BlackElo "2366"]
[WhiteTeam "Qingdao School Team"]
[BlackTeam "Beijing AIGO Team"]
[WhiteFideId "12401226"]
[BlackFideId "8604070"]
[EventDate "2012.04.28"]

1. d4 g6 2. Bf4 Bg7 3. e3 d6 4. Nf3 Nd7 5. h3 e5 6. Bh2 Ne7 7. Be2 O-O 8. c4 Nf5
9. Nc3 Re8 10. O-O exd4 11. exd4 b6 12. Qd2 Bb7 13. Rad1 Rb8 14. d5 Nc5 15. Rfe1
a5 16. Bf4 h6 17. Bd3 Nxd3 18. Qxd3 Rxe1+ 19. Rxe1 Ba6 20. b3 Nh4 21. Bd2 Nxf3+
22. Qxf3 Qd7 23. Ne4 f5 24. Ng3 Re8 25. Rxe8+ Qxe8 26. Bc3 Bxc3 27. Qxc3 f4 28.
Nf1 Bc8 29. Nh2 Bf5 30. Nf3 Kf7 31. a3 g5 32. b4 axb4 33. axb4 Be4 34. Nd4 Qe5
35. Qd2 Bf5 36. Nc6 Qf6 37. Qa2 Kg6 38. Qa8 Bd7 39. Qb7 Bxc6 40. Qxc6 Qe7 41.
Kh2 Kf5 42. Qa4 Ke4 43. Qd1 Qe5 44. Qd2 f3+ 45. g3 Qd4 46. Qe1+ Kd3 47. Qd1+
Kxc4 48. Qxf3 Qxd5 49. Qa3 Qd2 50. Kg2 Qxb4 51. Qf3 d5 52. Qe2+ Kc5 53. Qe7+ Kb5
54. Qxc7 Qe4+ 55. Kg1 d4 56. Qd7+ Kc5 57. Qc7+ Qc6 58. Qh7 Qe6 59. Qc2+ Qc4 60.
Qf5+ Kb4 61. Qb1+ Kc5 62. Qf5+ Qd5 63. Qc2+ Kd6 64. Qg6+ Qe6 65. Qb1 Kc7 66.
Qh7+ Kd6 67. Qb1 Ke5 68. Qb5+ Kf6 69. Kh2 Qd6 70. Qd3 Kg7 71. Kg1 Qe5 72. h4
gxh4 73. gxh4 h5 74. Qf3 b5 75. Kf1 Qc5 76. Qb7+ Kf6 77. Qf3+ Ke6 78. Qe4+ Kd6
79. f4 Qd5 80. Qg6+ Kc5 81. Ke2 d3+ 82. Qxd3 Qxd3+ 83. Kxd3 Kd5 84. Ke3 b4 85.
Kd3 b3 86. Kc3 Ke4 87. Kxb3 Kxf4 88. Kc2 Kg3 89. Kd2 Kxh4 90. Ke2 Kg3 91. Kf1 h4
92. Kg1 h3 93. Kh1 h2 1/2-1/2

[Event "TCh-CHN 2012"]
[Site "Beijing CHN"]
[Date "2012.09.25"]
[Round "14"]
[White "Kuang, Yinghui"]
[Black "Shen, Yang"]
[Result "1/2-1/2"]
[WhiteTitle "WIM"]
[BlackTitle "WGM"]
[WhiteElo "2205"]
[BlackElo "2440"]
[WhiteTeam "Guangdong Huateng Club Team"]
[BlackTeam "Jiangsu Taizhou Team"]
[WhiteFideId "8600988"]
[BlackFideId "8603162"]
[EventDate "2012.04.28"]

1. e4 e5 2. Nf3 Nc6 3. Bc4 Bc5 4. c3 Nf6 5. d3 a6 6. O-O Ba7 7. Nbd2 O-O 8. Bb3
b5 9. Re1 Bb7 10. Nf1 d5 11. Ng3 dxe4 12. Nxe4 h6 13. Be3 Bxe3 14. Rxe3 Nd5 15.
Bxd5 Qxd5 16. Qb3 Qxb3 17. axb3 f6 18. Nc5 Bc8 19. b4 a5 20. d4 exd4 21. Nxd4
Nxd4 22. cxd4 a4 23. Re7 Rf7 24. Re8+ Rf8 25. Re7 Rf7 26. Re8+ Rf8 27. Re7 1/2-1/2

[Event "TCh-CHN 2012"]
[Site "Beijing CHN"]
[Date "2012.09.25"]
[Round "14"]
[White "Li, Xueyi"]
[Black "Guo, Qi"]
[Result "1/2-1/2"]
[BlackTitle "WGM"]
[WhiteElo "2076"]
[BlackElo "2351"]
[WhiteTeam "Guangdong Huateng Club Team"]
[BlackTeam "Jiangsu Taizhou Team"]
[WhiteFideId "8605912"]
[BlackFideId "8604002"]
[EventDate "2012.04.28"]

1. d4 d5 2. c4 e6 3. Nc3 Bb4 4. Nf3 Nf6 5. cxd5 exd5 6. Bg5 Nbd7 7. Qc2 c5 8.
dxc5 Qa5 9. Bd2 Qxc5 10. a3 Bxc3 11. Qxc3 Ne4 12. Qxc5 Ndxc5 13. Be3 Nb3 14. Rd1
Be6 15. Nd4 Nxd4 16. Bxd4 f6 17. e3 Kf7 18. Bd3 Rhc8 19. h4 h5 20. O-O a6 21.
Rc1 Nd6 22. Rc5 Ne4 23. Bxe4 Rxc5 24. Bg6+ Kxg6 25. Bxc5 Rc8 26. Bd4 Rc2 27. f3
Kf7 28. Rf2 Rxf2 29. Kxf2 Bf5 30. Ke1 Ke6 1/2-1/2

[Event "TCh-CHN 2012"]
[Site "Beijing CHN"]
[Date "2012.09.25"]
[Round "14"]
[White "Yu, Ruiyuan"]
[Black "Liu, Chang"]
[Result "1-0"]
[WhiteElo "2511"]
[BlackElo "2262"]
[WhiteTeam "Jiangsu Taizhou Team"]
[BlackTeam "Guangdong Huateng Club Team"]
[WhiteFideId "8603090"]
[BlackFideId "8606340"]
[EventDate "2012.04.28"]

1. e4 d6 2. d4 g6 3. Nc3 Bg7 4. f4 Nf6 5. Nf3 O-O 6. Bd3 Nc6 7. O-O e5 8. fxe5
dxe5 9. d5 Nb4 10. Bc4 Qe7 11. Kh1 Ne8 12. Bg5 Bf6 13. Be3 Nd6 14. Be2 b6 15. a3
Na6 16. b4 Nb8 17. Bd3 a5 18. Qe2 Ba6 19. b5 Bc8 20. Na4 Bg4 21. c4 Nb7 22. Qf2
Bxf3 23. Qxf3 Bg5 24. Bg1 Nd7 25. Qh3 Nbc5 26. Nxc5 Nxc5 27. Bc2 Rae8 28. Rae1
Qd7 29. Qg3 Bd2 30. Re2 Bf4 31. Qh4 Qd8 32. Qe1 Qd6 33. Rf3 Nd7 34. Qh4 Qe7 35.
Qxe7 Rxe7 36. Rd3 Rc8 37. Bd1 Nc5 38. Bxc5 bxc5 39. Rb2 f5 40. Bf3 g5 41. g4
fxe4 42. Bxe4 Rd8 43. d6 cxd6 44. b6 Red7 45. a4 Kf8 46. Kg2 h6 47. b7 Rb8 48.
Rb5 Ke7 49. h3 Rdd8 50. Kf3 Rf8 51. Ke2 h5 52. gxh5 Rh8 53. Rxa5 1-0

[Event "TCh-CHN 2012"]
[Site "Beijing CHN"]
[Date "2012.09.25"]
[Round "14"]
[White "Wei, Yi"]
[Black "Li, Shilong"]
[Result "1-0"]
[WhiteTitle "FM"]
[BlackTitle "GM"]
[WhiteElo "2371"]
[BlackElo "2549"]
[WhiteTeam "Jiangsu Taizhou Team"]
[BlackTeam "Guangdong Huateng Club Team"]
[WhiteFideId "8603405"]
[BlackFideId "8600678"]
[EventDate "2012.04.28"]

1. e4 c5 2. Nf3 Nc6 3. Nc3 Nf6 4. Bb5 Qc7 5. O-O Nd4 6. Re1 e6 7. e5 Nxb5 8.
Nxb5 Qc6 9. c4 a6 10. a4 Qb6 11. a5 Qd8 12. Nc3 Ng8 13. d4 cxd4 14. Qxd4 Ne7 15.
c5 Nc6 16. Qg4 h5 17. Qg3 Nxa5 18. Bg5 Qc7 19. b4 Nc6 20. Nb5 Qb8 21. Nd6+ Bxd6
22. exd6 b5 23. Bf6 gxf6 24. Qg7 Rf8 25. Qxf6 Bb7 26. Ng5 Qd8 27. Qg7 Qxg5 28.
Qxg5 f6 29. Qxh5+ Kd8 30. Qh6 Ke8 31. Qg6+ Rf7 32. Ra3 Ne5 33. Rxe5 1-0

[Event "TCh-CHN 2012"]
[Site "Beijing CHN"]
[Date "2012.09.25"]
[Round "14"]
[White "Zhou, Weiqi"]
[Black "Zeng, Chongsheng"]
[Result "1-0"]
[WhiteTitle "GM"]
[BlackTitle "IM"]
[WhiteElo "2628"]
[BlackElo "2435"]
[WhiteTeam "Jiangsu Taizhou Team"]
[BlackTeam "Guangdong Huateng Club Team"]
[WhiteFideId "8601674"]
[BlackFideId "8603847"]
[EventDate "2012.04.28"]

1. Nf3 Nf6 2. c4 g6 3. Nc3 d5 4. cxd5 Nxd5 5. Qb3 Nb6 6. d4 Bg7 7. Bf4 O-O 8. e3
Be6 9. Qa3 N8d7 10. Rd1 c6 11. Ng5 Bd5 12. e4 Bc4 13. h4 h6 14. Nf3 Bxf1 15.
Kxf1 Nf6 16. Qb3 e6 17. a4 a5 18. Ne5 Ra6 19. Rh3 Qe7 20. Nd3 Nc8 21. e5 Nd5 22.
Nxd5 cxd5 23. Bd2 b6 24. Rc1 Ra7 25. h5 g5 26. Rg3 f5 27. exf6 Bxf6 28. Ne5 Bxe5
29. dxe5 Qe8 30. Rgc3 Ra8 31. Rc7 Ne7 32. Qxb6 Qf7 33. Rxe7 Qxe7 34. Rc7 Qe8 35.
Qb7 Rf5 36. Rg7+ Kf8 37. Rh7 1-0

[Event "TCh-CHN 2012"]
[Site "Beijing CHN"]
[Date "2012.09.25"]
[Round "14"]
[White "Lu, Shanglei"]
[Black "Liu, Qingnan"]
[Result "0-1"]
[WhiteTitle "GM"]
[BlackTitle "IM"]
[WhiteElo "2514"]
[BlackElo "2461"]
[WhiteTeam "Zhejiang Yinzhou Team"]
[BlackTeam "Tianjin Qin Huangdao Team"]
[WhiteFideId "8603332"]
[BlackFideId "8603294"]
[EventDate "2012.04.28"]

1. e4 d6 2. d4 g6 3. Nc3 Bg7 4. Be3 a6 5. a4 b6 6. Nf3 e6 7. Bc4 Bb7 8. O-O Nf6
9. e5 dxe5 10. Nxe5 Nc6 11. Nxc6 Bxc6 12. Qe2 a5 13. Bb5 Qd7 14. Bxc6 Qxc6 15.
Nb5 Nd5 16. c4 Nxe3 17. fxe3 O-O 18. c5 Qd7 19. c6 Qe7 20. Qc4 Rad8 21. e4 Bh6
22. Ra3 Kg7 23. Qe2 e5 24. d5 f5 25. Raf3 Rf7 26. exf5 Qc5+ 27. Kh1 Qxd5 28. Nc3
Qxc6 29. Qxe5+ Qf6 30. Qg3 Qd6 31. fxg6 Rxf3 32. Qxf3 hxg6 33. Ne4 Qc6 34. h3
Kh8 35. Qg4 Rf8 36. Rxf8+ Bxf8 37. Qf4 Bg7 38. Ng5 Qd5 39. b3 Kg8 40. Qe3 Be5
41. Qe2 Kg7 42. Nf3 Bf6 43. Qe3 c5 44. g4 g5 45. Kg2 Kf7 46. h4 gxh4 47. Kh3 c4
48. bxc4 Qxc4 49. g5 Bc3 50. Nxh4 Qe6+ 51. Qxe6+ Kxe6 52. Ng2 Kd5 53. g6 Kc5 54.
Ne3 b5 55. axb5 Kxb5 56. Kg2 a4 57. Kf3 a3 58. Nc2 a2 59. Ke2 Kc4 60. Kd1 Kb3
61. Kc1 Bg7 62. Kd1 Kb2 63. Kd2 Bf8 64. Na1 0-1